000 00543nam a2200205Ia 4500
003 GCL
008 140319s9999 xx 000 0 ara d
040 _aGCL /
_cGCL
082 0 4 _a301.4284
_bح ج
100 1 _aحديوى حلاوة
245 1 0 _aجرائم النساء /
_cحديوى حلاوة
260 _a[S.N] :
_bمكتبة مدبولى ،
_c1993
300 _a189 ص
490 _a
650 0 4 _aالنساء
650 0 4 _aالاجتماع
650 0 4 _aالجريمة
650 0 4 _aجرائم القتل
942 _2ddc
_cBK
999 _c35290
_d35290